00333nam a2200109Ia 4500008004100000082001900041100001300060245002500073260006500098300000900163650005100172211119s9999||||xx |||||||||||||| ||und|| a954.045bRAO-L aRao, U R 0aLet Us Know Gandhiji bMinistry of Information & BroadcastingaGovt. of Indiac1969 a153p ahistoryvgandhiEconomicsxPGR-GANDHIAN STUDIES